<?xml version="1.0" encoding="UTF-8"?>
<record
    xmlns:xsi="http://www.w3.org/2001/XMLSchema-instance"
    xsi:schemaLocation="http://www.loc.gov/MARC21/slim http://www.loc.gov/standards/marcxml/schema/MARC21slim.xsd"
    xmlns="http://www.loc.gov/MARC21/slim">

  <leader>00968nam a22002417a 4500</leader>
  <datafield tag="952" ind1=" " ind2=" ">
    <subfield code="a">0001</subfield>
    <subfield code="b">0001</subfield>
    <subfield code="d">2020-09-21</subfield>
    <subfield code="l">0</subfield>
    <subfield code="o">DAN 200.9 D55 [t.y.]</subfield>
    <subfield code="p">019577</subfield>
    <subfield code="r">2020-09-21 00:00:00</subfield>
    <subfield code="u">c.1</subfield>
    <subfield code="w">2020-09-21</subfield>
    <subfield code="x">Emine Ba&#x15F;ak Alkan Ba&#x11F;&#x131;&#x15F;&#x131;d&#x131;r.</subfield>
    <subfield code="y">BKS</subfield>
  </datafield>
  <datafield tag="952" ind1=" " ind2=" ">
    <subfield code="a">0001</subfield>
    <subfield code="b">0001</subfield>
    <subfield code="d">2020-09-21</subfield>
    <subfield code="l">0</subfield>
    <subfield code="o">DAN 200.9 D55 [t.y.]</subfield>
    <subfield code="p">019578</subfield>
    <subfield code="r">2020-09-21 00:00:00</subfield>
    <subfield code="u">c.2</subfield>
    <subfield code="w">2020-09-21</subfield>
    <subfield code="x">Emine Ba&#x15F;ak Alkan Ba&#x11F;&#x131;&#x15F;&#x131;d&#x131;r.</subfield>
    <subfield code="y">BKS</subfield>
  </datafield>
  <datafield tag="952" ind1=" " ind2=" ">
    <subfield code="a">0001</subfield>
    <subfield code="b">0001</subfield>
    <subfield code="d">2020-09-21</subfield>
    <subfield code="l">0</subfield>
    <subfield code="o">DAN 200.9 D55 [t.y.]</subfield>
    <subfield code="p">019579</subfield>
    <subfield code="r">2020-09-21 00:00:00</subfield>
    <subfield code="u">c.3</subfield>
    <subfield code="w">2020-09-21</subfield>
    <subfield code="x">Emine Ba&#x15F;ak Alkan Ba&#x11F;&#x131;&#x15F;&#x131;d&#x131;r.</subfield>
    <subfield code="y">BKS</subfield>
  </datafield>
  <datafield tag="999" ind1=" " ind2=" ">
    <subfield code="c">14072</subfield>
    <subfield code="d">14072</subfield>
  </datafield>
  <controlfield tag="003">MIRAKIL</controlfield>
  <controlfield tag="005">20200921142312.0</controlfield>
  <controlfield tag="008">200921b        tu ||||| |||| 00| 0 tur d</controlfield>
  <datafield tag="040" ind1=" " ind2=" ">
    <subfield code="a">TR-AnCHP</subfield>
    <subfield code="c">TR-AnCHP</subfield>
  </datafield>
  <datafield tag="041" ind1=" " ind2=" ">
    <subfield code="a">tur</subfield>
  </datafield>
  <datafield tag="082" ind1=" " ind2=" ">
    <subfield code="a">DAN 200.9</subfield>
    <subfield code="b">D55 [t.y.]</subfield>
  </datafield>
  <datafield tag="245" ind1="1" ind2="0">
    <subfield code="a">Dinler tarihi ansiklopedisi : </subfield>
    <subfield code="b">&#x130;sl&#xE2;miyet, H&#x131;ristiyanl&#x131;k, Musevilik ve ilkel dinler /</subfield>
    <subfield code="c">yay&#x131;n kurulu: &#x130;smet Zeki Ey&#xFC;bo&#x11F;lu, Tanju G&#xF6;k&#xE7;&#xF6;l, ...[ve &#xF6;te.] ; &#xE7;eviri: Zeynep Akbay, Ya&#x15F;ar Anday, ...[ve &#xF6;te.].</subfield>
  </datafield>
  <datafield tag="246" ind1=" " ind2=" ">
    <subfield code="a">&#x130;sl&#xE2;miyet, H&#x131;ristiyanl&#x131;k, Musevilik ve ilkel dinler</subfield>
  </datafield>
  <datafield tag="260" ind1=" " ind2=" ">
    <subfield code="a">&#x130;stanbul:</subfield>
    <subfield code="b">Geli&#x15F;im yay&#x131;nlar&#x131;,</subfield>
    <subfield code="c">[t.y.]</subfield>
  </datafield>
  <datafield tag="300" ind1=" " ind2=" ">
    <subfield code="a">c.:</subfield>
    <subfield code="b">fotg.;</subfield>
    <subfield code="c">30 sm.</subfield>
  </datafield>
  <datafield tag="650" ind1=" " ind2="0">
    <subfield code="9">6516</subfield>
    <subfield code="a">Dinler tarihi</subfield>
    <subfield code="x">Ansiklopediler</subfield>
  </datafield>
  <datafield tag="700" ind1="1" ind2=" ">
    <subfield code="9">4455</subfield>
    <subfield code="a">Ey&#xFC;bo&#x11F;lu, &#x130;smet Zeki</subfield>
  </datafield>
  <datafield tag="700" ind1=" " ind2=" ">
    <subfield code="9">6513</subfield>
    <subfield code="a">G&#xF6;k&#xE7;&#xF6;l, Tanju </subfield>
  </datafield>
  <datafield tag="700" ind1=" " ind2=" ">
    <subfield code="9">6514</subfield>
    <subfield code="a">Akbay, Zeynep</subfield>
    <subfield code="e">&#xE7;ev.</subfield>
  </datafield>
  <datafield tag="700" ind1=" " ind2=" ">
    <subfield code="9">6515</subfield>
    <subfield code="a">Anday, Ya&#x15F;ar</subfield>
    <subfield code="e">&#xE7;ev.</subfield>
  </datafield>
  <datafield tag="740" ind1=" " ind2=" ">
    <subfield code="a">&#x130;sl&#xE2;miyet, H&#x131;ristiyanl&#x131;k, Musevilik ve ilkel dinler</subfield>
  </datafield>
  <datafield tag="942" ind1=" " ind2=" ">
    <subfield code="2">ddc</subfield>
    <subfield code="c">BKS</subfield>
  </datafield>
</record>
